000 00429nam a2200157 i 4500
001 78212
003 ES-MaACL
005 20230906173607.0
007 t|
008 041013s1933 gw ||||1| ger d
100 1 _aHartmann, Nicolai.
_961993
245 1 4 _aDas problem des geistigen seins /
_cNicolai Hartmann.
260 _aBerlin :
_bWalter de Grunter,
_c1933.
300 _aXIV, 486 p. ;
_c23 cm.
852 _aES-MaACL
_jA-2958
999 _c78212
_d78212